[Event "Eschborn op"]
[Site "Eschborn"]
[Date "2017.10.15"]
[Round "5"]
[White "Jayakumar, Sharun"]
[Black "Heinz, Tobias"]
[Result "1-0"]
[WhiteElo "1122"]
[BlackElo "1589"]
[PlyCount "84"]
[EventDate "2017.10.13"]
[EventType "swiss"]
[EventRounds "5"]
[EventCountry "GER"]
[SourceTitle "EXT 2019"]
[Source "ChessBase"]
[SourceDate "2018.10.10"]
[SourceVersion "1"]
[SourceVersionDate "2018.10.10"]
[SourceQuality "1"]

1. d4 d5 2. c4 c6 3. Nf3 Nf6 4. g3 g6 5. Bg2 Bg7 6. Nbd2 0-0 7. 0-0 Bf5 8. Re1 Ne4 9. Nxe4 Bxe4 10. Qb3 Qb6 11. Qxb6 axb6 12. cxd5 cxd5 13. e3 Nc6 14. Bd2 Rac8 15. a3 Na5 16. Bxa5 bxa5 17. Rac1 Rc4 18. Rxc4 dxc4 19. Nd2 Bxg2 20. Kxg2 b5 21. a4 bxa4 22. Nxc4 Rb8 23. Ra1 Rb4 24. Nxa5 Rxb2 25. Rxa4 Bh6 26. Kf3 Rd2 27. Nc6 e6 28. Ne5 g5 29. g4 f5 30. gxf5 exf5 31. Ra8+ Kg7 32. Ra7+ Kf6 33. Rf7+ Ke6 34. Rxh7 g4+ 35. Kg3 Bf8 36. h4 Rd1 37. Nf7 Rh1 38. Ng5+ Kd5 39. Rd7+ Kc4 40. e4 Rg1+ 41. Kf4 Rf1 42. Kxf5 Rxf2+ 1-0

[Event "Eschborn op"]
[Site "Eschborn"]
[Date "2016.09.04"]
[Round "4"]
[White "Schimmer, Michael"]
[Black "Heinz, Tobias"]
[Result "0-1"]
[WhiteElo "1791"]
[BlackElo "1488"]
[PlyCount "66"]
[EventDate "2016.09.02"]
[EventType "swiss"]
[EventRounds "5"]
[EventCountry "GER"]
[SourceTitle "EXT 2018"]
[Source "ChessBase"]
[SourceDate "2017.10.13"]
[SourceVersion "1"]
[SourceVersionDate "2017.10.13"]
[SourceQuality "1"]

1. e4 e5 2. Nf3 Nc6 3. d4 exd4 4. Nxd4 Nxd4 5. Qxd4 Ne7 6. Bc4 Nc6 7. Qe3 Be7 8. 0-0 0-0 9. Nc3 b6 10. Nd5 Ne5 11. Bb3 Bd6 12. Qe2 Bc5 13. Be3 Bxe3 14. Nxe3 d6 15. f4 Nc6 16. c3 Kh8 17. Rad1 Qe7 18. Nd5 Qd7 19. Rf3 Ne7 20. Ne3 Bb7 21. Bc2 f5 22. Rh3 fxe4 23. Qh5 h6 24. Rf1 Nf5 25. Nd1 Qf7 26. Qe2 Rae8 27. g4 Qg6 28. Qg2 e3 29. Qxb7 Qxg4+ 30. Qg2 Qxg2+ 31. Kxg2 e2 32. Re1 exd1Q 33. Rxd1 Re2+ 0-1

[Event "Hessen-ch op-B"]
[Site "Frankfurt Sossenheim"]
[Date "2015.??.??"]
[Round "5"]
[White "Heinz, Tobias"]
[Black "Anhalt, Albert"]
[Result "1/2-1/2"]
[WhiteElo "1646"]
[BlackElo "1896"]
[PlyCount "35"]
[EventDate "2015.05.13"]
[EventType "swiss"]
[EventRounds "7"]
[EventCountry "GER"]
[SourceTitle "EXT 2016"]
[Source "ChessBase"]
[SourceDate "2015.10.08"]
[SourceVersion "1"]
[SourceVersionDate "2015.10.08"]
[SourceQuality "1"]

1. d4 Nf6 2. c4 d5 3. Nc3 c6 4. Nf3 g6 5. Bf4 Bg7 6. e3 0-0 7. cxd5 Nxd5 8. Nxd5 cxd5 9. Be2 Nc6 10. 0-0 Qb6 11. Qd2 Bf5 12. Rac1 Rac8 13. Bd3 Bxd3 14. Qxd3 Rfd8 15. Qd2 Qb4 16. Qc2 e6 17. a3 Qf8 18. Qd3 1/2-1/2

[Event "Hessen-ch op-B"]
[Site "Frankfurt Sossenheim"]
[Date "2015.??.??"]
[Round "1"]
[White "Heinz, Tobias"]
[Black "Launert, Martin"]
[Result "0-1"]
[WhiteElo "1646"]
[BlackElo "1871"]
[PlyCount "68"]
[EventDate "2015.05.13"]
[EventType "swiss"]
[EventRounds "7"]
[EventCountry "GER"]
[SourceTitle "EXT 2016"]
[Source "ChessBase"]
[SourceDate "2015.10.08"]
[SourceVersion "1"]
[SourceVersionDate "2015.10.08"]
[SourceQuality "1"]

1. d4 d5 2. c4 e6 3. Nc3 Nf6 4. Bf4 dxc4 5. Qa4+ Bd7 6. Qxc4 Nc6 7. Nf3 Be7 8. g3 Rc8 9. Bg2 a6 10. 0-0 0-0 11. Rfd1 b5 12. Qd3 Nb4 13. Qd2 Bc6 14. a3 Nbd5 15. Nxd5 Bxd5 16. Rac1 c5 17. dxc5 Bxc5 18. b4 Bxf2+ 19. Kf1 Ba7 20. Rxc8 Qxc8 21. Rc1 Qd8 22. Be3 Bxe3 23. Qxe3 h6 24. Qa7 Qd6 25. Ke1 Rd8 26. Rd1 Rd7 27. Qd4 Qc7 28. Ne5 Re7 29. Bxd5 Nxd5 30. Kd2 f6 31. Ng6 Rd7 32. Rc1 Nc3 33. Ne7+ Kf7 34. Nd5 Rxd5 0-1